header

Joy-bearing grief (Record no. 139021)

MARC details
000 -LEADER
fixed length control field 01535nam a22003614a 4500
082 04 - DEWEY DECIMAL CLASSIFICATION NUMBER
Classification number 234/.5
100 1# - MAIN ENTRY--AUTHOR NAME
Personal name Hunt, Hannah.
245 10 - TITLE STATEMENT
Title Joy-bearing grief
260 ## - PUBLICATION, DISTRIBUTION, ETC. (IMPRINT)
Place of publication Leiden ;
-- Boston :
Name of publisher Brill,
Year of publication 2004.
300 ## - PHYSICAL DESCRIPTION
Number of Pages xv, 269 p.
490 1# - SERIES STATEMENT
Series statement The medieval Mediterranean,
650 #0 - SUBJECT ADDED ENTRY--TOPICAL TERM
Topical Term Repentance
Topical Term Crying
Topical Term Fathers of the church, Syriac.
Topical Term Fathers of the church, Greek.
856 40 - ELECTRONIC LOCATION AND ACCESS
Uniform Resource Identifier http://site.ebrary.com/lib/rucke/Doc?id=10171586

No items available.

© 2026 Rongo University
Contact us: librarian | system librarian | Rongo university